| 000 | 00431cam a2200193ua 4500 | ||
|---|---|---|---|
| 001 | 9114 | ||
| 008 | 150221n ii |||gr||||Z||||||eng | ||
| 040 | _cMAIN | ||
| 041 | _aeng | ||
| 082 | _a001 | ||
| 100 |
_aYadav, S. P., _eAuthor. |
||
| 245 | 1 |
_aUGC-NET/JRF/SLET english _cBy Surja Pal Yadav |
|
| 250 | _a1st. | ||
| 260 |
_aAgra: _bUpkar, _c2001. |
||
| 300 | _a244p. | ||
| 653 | _aKnowledge | ||
| 653 | _aUGC NET | ||
| 942 | _cBK | ||
| 999 |
_c8186 _d8186 |
||